Leading Product Innovation : Accelerating Growth in a Product-Based Business. (Record no. 3937)
[ view plain ]
| 005 - DATE AND TIME OF LATEST TRANSACTION | |
|---|---|
| control field | 20250613072816.0 |
| 020 ## - INTERNATIONAL STANDARD BOOK NUMBER | |
| International Standard Book Number | 0-471-34517-2 |
| 082 ## - DEWEY DECIMAL CLASSIFICATION NUMBER | |
| Classification number | LECT 658.575 PAT |
| 100 ## - MAIN ENTRY--PERSONAL NAME | |
| Author name | PATTERSON, M. L. |
| 245 ## - TITLE STATEMENT | |
| Title | Leading Product Innovation : Accelerating Growth in a Product-Based Business. |
| 260 ## - PUBLICATION, DISTRIBUTION, ETC. | |
| Place of publication, distribution, etc. | New York, |
| Name of publisher, distributor, etc. | John Willey & Sons, |
| Date of publication, distribution, etc. | 1999. |
| 300 ## - PHYSICAL DESCRIPTION | |
| Extent | xiii, 434p.: ill.; chart, figure, table |
| Other physical details | Index |
| Dimensions | 23cm. |
| 700 ## - ADDED ENTRY--PERSONAL NAME | |
| Other authors/Editors | FENOGLIO, J. A. |
| 942 ## - ADDED ENTRY ELEMENTS (KOHA) | |
| Source of classification or shelving scheme | Dewey Decimal Classification |
| Koha item type | Books |
| Date last seen | Total checkouts | Full call number | Barcode | Cost, replacement price | Price effective from | Koha item type | Lost status | Source of classification or shelving scheme | Damaged status | Not for loan | Withdrawn status | Home library | Current library | Shelving location | Date acquired | Cost, normal purchase price |
|---|---|---|---|---|---|---|---|---|---|---|---|---|---|---|---|---|
| 06/26/2025 | 658.575PAT | DOM0001634 | 105000.00 | 06/26/2025 | Books | Dewey Decimal Classification | CBE Dodoma | CBE Dodoma | General Collection | 06/26/2001 | 35000.00 | |||||
| 06/26/2025 | 658.575PAT | DOM0001635 | 105000.00 | 06/26/2025 | Books | Dewey Decimal Classification | CBE Dodoma | CBE Dodoma | General Collection | 06/26/2001 | 35000.00 | |||||
| 06/26/2025 | 658.575PAT | DOM0001636 | 105000.00 | 06/26/2025 | Books | Dewey Decimal Classification | CBE Dodoma | CBE Dodoma | General Collection | 06/26/2001 | 35000.00 | |||||
| 06/13/2025 | LECT 658.575 PAT | 00000012929 | 105000.00 | 06/13/2025 | Books | Dewey Decimal Classification | College of Business Education Main Library | College of Business Education Main Library | General Collection | 06/02/2011 | 35000.00 |
